Open Data Biblioteca Nacional de Portugal


República Portuguesa: Ministério da Cultura
Biblioteca Nacional de Portugal

Catálogo da BNP: acesso por Identificadores Unívocos
Registos Bibliográficos associados ao registo de autoridade

Etiqueta de registo: 00000nkm 2200025 450
001 2273721
003 http://id.bnportugal.gov.pt/bib/catbnp/2273721
100 ## $a20260302f1988 m y0pory01030103ba
101 0# $apor
102 ## $aPT
200 1# $a Um Demónio na Vitrine, de Fialho de Almeida$bVisual gráfico]$fTeatro Maizum$gFernando Costa
210 #9 $aLisboa$cTeatro Maizum,$d[1988?]
215 ## $a1 cartaz$ccolor.$d60x42 cm
306 ## $aDatação atribuída em conformidade com o acontecimento anunciado
317 ## $aColeção Madeira Luís
702 #1 $aCosta,$bFernando$4410$31988057
710 02 $aTeatro Maizum$396932
801 #0 $aPT$bBN$gRPC
966 ## $lBN$mICONOG$sCT. 22967 A.$x3
971 ## $cCatmusica8$d20260302
995 ## $aPRR2026

OpendataBNP@bnportugal.pt | Mais informação sobre acesso aos dados BNP